European Countries 1100AD Quiz Stats

 Plays Quiz not verified by Sporcle

Score 0/31 Timer 05:00
0 Plays Today
Country/Empire % Correct
England
93.4%
Franks
93.4%
Scotland
81.6%
Norway
77.6%
Sweden
77.6%
Rus Land
76.3%
Denmark
72.4%
Poland
65.8%
Roman Empire
63.2%
Holy Roman Empire
55.3%
Hungary
50%
Venice
32.9%
Novgorod
9.2%
Valencia
5.3%
Pisa
5.3%
Pomerania
3.9%
Country/Empire % Correct
Barcelona
2.6%
Galicja
2.6%
Moray
1.3%
Leon Castile
1.3%
Mumhan
1.3%
Mide
1.3%
Apulia-Calabria
1.3%
Diocleia
1.3%
Rana
1.3%
Rostov-Suzdal
1.3%
Polotsk
1.3%
Smolensk
1.3%
Chernigov
1.3%
Ailech
0%
Obtrites
0%

You're not logged in!

Compare scores with friends on all Sporcle quizzes.
OR
Log In

Show Comments

Extras

Top Quizzes Today


Score Distribution

Your Account Isn't Verified!

In order to create a playlist on Sporcle, you need to verify the email address you used during registration. Go to your Sporcle Settings to finish the process.

Report this User

Report this user for behavior that violates our Community Guidelines.

Details: